000 00663cam a2200241 4500500
005 20260329005242.0
041 _afre
042 _adc
100 1 0 _aEnjalbert, Cédric
_eauthor
245 0 0 _a“Saint Omer” : démonstrer
260 _c2022.
500 _a22
690 _aAlice Diop
690 _aBourdieu
690 _aCinéma
690 _aCrime
690 _aFait divers
690 _aFilm
690 _aPréjugés
690 _aProcès
786 0 _nPhilosophie magazine | 165 | 12 | 2022-12-01 | p. 75-75 | 1951-1787
856 4 1 _uhttps://shs.cairn.info/magazine-philosophie-magazine-2022-12-page-75?lang=fr&redirect-ssocas=7080
999 _c1841725
_d1841725